000 00988nam a22002417a 4500
005 20240305165505.0
007 cr|||| ||||
008 180409s2018 mx |||||s|||| 00||0 spa d
020 _a978-607-406-949-5
035 _a21369
040 _avLex
090 _c7697
_d7697
245 0 0 _aAgenda de Amparo 2018
_h[Recurso electrónico] /
256 _aServicio en línea
260 _aCiudad de México:
_bEdiciones Fiscales ISEF,
_c2018
300 _a1 recurso electrónico
506 1 _aDisponible solo en los productos indicados
_dvLex Global
_dvLex Global (Academic Edition, excluding Law Schools)
_dvLex Global (U.S. Academic Edition, Law Schools)
_dvLex Global (U.S. Academic Edition, excluding Law Schools)
_dvLex Global (Academic Edition, Law Schools)
650 0 4 _aDerecho Constitucional
_zMéxico
650 0 4 _aDerecho Procesal
_zMéxico
740 0 _avLex Libros (Servicio en línea)
856 4 0 _uhttps://app.vlex.com/#/sources/agenda-amparo-2018-21369
942 _cRAA
999 _c165934
_d165934